| 000 | 00000nam##2200000za#4500 |
| 001 | 9.601869 |
| 003 | CaOODSP |
| 005 | 20210624210301 |
| 007 | cr ||||||||||| |
| 008 | 150406|1996||||xxc|||||o f|0| 0 fre|d |
| 040 | |aCaOODSP|bfre |
| 043 | |an-cn--- |
| 086 | 1 |aEn1-17/23-1996F-PDF |
| 110 | 1 |aCanada.|bEnvironnement Canada. |bSection Développement technologique. |
| 245 | 10|aSédiments contaminés. Projet de démonstration d'une filière de traitement physico-chimique des sédiments contaminés au Port de Sorel |h[ressource électronique] |
| 260 | |aMontréal - Québec : |bEnvironnement Canada. |cMars 1996. |
| 300 | |a4p.|bfigure, photographies |
| 490 | 1 |aTechnologies Saint-Laurent |
| 500 | |aLe nº de catalogue (En1-17/23-1996F), l'ISSN (1188-7990) et l'ISBN (0-662-81033-3) de l'édition imprimée ont été incorrectement copiés dans cette édition électronique. |
| 590 | |a12-02-Supp|b2012-01-20 |
| 691 | 07|aDécontamination|2gcpds |
| 691 | 07|aIndustrie des pâtes et papiers|2gcpds |
| 691 | 07|aPollution des sols|2gcpds |
| 775 | 08|tContaminated sediment. Demonstration project of a physico-chemical treatment process for contaminated sediment at the Port of Sorel |w(CaOODSP)9.571248 |
| 776 | 0#|tSédiments contaminés: projet de démonstration d'une filière de traitement physico-chimique des sédiments contaminés au Port de Sorel / |w(CaOODSP)9.623815 |
| 830 | #0|aTechnologies Saint-Laurent.|w(CaOODSP)9.500861 |
| 856 | 40|ahttp://publications.gc.ca|qPDF|s459 Ko|uhttps://publications.gc.ca/collections/Collection/En1-17-23-1996F.pdf |